LEADER 01324nam 2200337 450 001 9910724389203321 005 20230624231542.0 035 $a(CKB)5470000002600976 035 $a(NjHacI)995470000002600976 035 $a(EXLCZ)995470000002600976 100 $a20230624d2008 uy 0 101 0 $afre 135 $aur||||||||||| 181 $ctxt$2rdacontent 182 $cc$2rdamedia 183 $acr$2rdacarrier 200 10$aSociologie et l'oubli du monde $eretours sur les fondements d'une discipline /$fAnnette Disselkamp 210 1$aBruxelles :$cE?ditions de l'Universite? de Bruxelles,$d2008. 215 $a1 online resource (189 pages) 320 $aIncludes bibliographical references. 330 $aEn revisitant de fac?on originale des classiques de la sociologie, La sociologie et l'oubli du monde ouvre sur cette invitation fondamentale et tre?s actuelle : penser une e?thique de la responsabilite?, en assumant nos limites et en sachant que la liberte? morale n'est pas une liberte? vagabonde. 606 $aMoral motivation 615 0$aMoral motivation. 676 $a170 700 $aDisselkamp$b Annette$0170444 801 0$bNjHacI 801 1$bNjHacl 906 $aBOOK 912 $a9910724389203321 996 $aSociologie et l'oubli du monde$93390958 997 $aUNINA